<?xml version="1.0" encoding="UTF-8"?>
<marc:record xmlns:marc="http://www.loc.gov/MARC21/slim">
   <marc:leader>00000nam a2200000 a 4500</marc:leader>
   <marc:datafield ind1="1" ind2=" " tag="100">
      <marc:subfield code="a">Berg, Eric</marc:subfield>
      <marc:subfield code="4">aut</marc:subfield>
      <marc:subfield code="e">Verfasser/-in</marc:subfield>
   </marc:datafield>
   <marc:datafield ind1=" " ind2=" " tag="653">
      <marc:subfield code="a">Krimis, Thriller, Spionage</marc:subfield>
   </marc:datafield>
   <marc:datafield ind1="0" ind2="0" tag="245">
      <marc:subfield code="a">Die Mörderinsel - 2. Fall für Doro Kagel</marc:subfield>
   </marc:datafield>
   <marc:datafield ind1="0" ind2="0" tag="245">
      <marc:subfield code="b">Kriminalroman</marc:subfield>
   </marc:datafield>
   <marc:datafield ind1="0" ind2="0" tag="245">
      <marc:subfield code="c">Berg, Eric</marc:subfield>
   </marc:datafield>
   <marc:datafield ind1=" " ind2="1" tag="264">
      <marc:subfield code="a">München</marc:subfield>
      <marc:subfield code="b">Limes</marc:subfield>
      <marc:subfield code="c">2020</marc:subfield>
   </marc:datafield>
   <marc:datafield ind1="1" ind2=" " tag="490">
      <marc:subfield code="a">Doro Kagel</marc:subfield>
      <marc:subfield code="v">2</marc:subfield>
   </marc:datafield>
   <marc:datafield ind1=" " ind2=" " tag="250">
      <marc:subfield code="a">Originalausgabe</marc:subfield>
   </marc:datafield>
   <marc:datafield ind1="1" ind2=" " tag="520">
      <marc:subfield code="a">Die Mörderinsel : Kriminalroman / von Eric Berg &#xD;
&#xD;
Ein ermordetes Mädchen, ein freigesprochener Täter, ein Dorf in Aufruhr ... Der neue Küstenkrimi mit Doro Kagel&#xD;
 &#xD;
Frühsommer: Der Hotelbesitzer Holger Simonsmeyer, angeklagt des Mordes an einer jungen Frau aus seinem Heimatdorf Trenthin, wird freigesprochen. Er und seine Familie hoffen, damit sei nun endlich alles überstanden. Doch im Dorf herrscht Misstrauen, nur wenige glauben an die Unschuld des Hoteliers. Dann wird erneut ein junges Mädchen ermordet aufgefunden …&#xD;
Spätsommer: Schockiert steht die Journalistin Doro Kagel vor den Ruinen eines ausgebrannten Hauses in Trenthin. Vor Monaten hatte Bettina Simonsmeyer sie inständig gebeten, ebenso ausführlich über den Freispruch ihres Mannes zu berichten wie zuvor über den Mordprozess. Doro hatte abgelehnt. Nun hat die Familie einen schrecklichen Blutzoll bezahlt. Von Schuldgefühlen geplagt beginnt Doro, den Fall neu aufzurollen …&#xD;
&#xD;
 &#xD;
Doro Kagel ermittelt in:&#xD;
Das Nebelhaus&#xD;
Die Mörderinsel&#xD;
&#xD;
 &#xD;
Beide Bände sind eigenständige Fälle und können unabhängig voneinander gelesen werden.</marc:subfield>
   </marc:datafield>
   <marc:datafield ind1=" " ind2=" " tag="020">
      <marc:subfield code="a">9783809026617</marc:subfield>
      <marc:subfield code="9">9783809026617</marc:subfield>
   </marc:datafield>
   <marc:datafield ind1=" " ind2=" " tag="020">
      <marc:subfield code="a">3809026611</marc:subfield>
      <marc:subfield code="9">3809026611</marc:subfield>
   </marc:datafield>
   <marc:datafield ind1=" " ind2=" " tag="041">
      <marc:subfield code="a">ger</marc:subfield>
   </marc:datafield>
   <marc:datafield ind1="0" ind2=" " tag="490">
      <marc:subfield code="v">2</marc:subfield>
   </marc:datafield>
   <marc:datafield ind1=" " ind2=" " tag="338">
      <marc:subfield code="a">Band</marc:subfield>
   </marc:datafield>
   <marc:datafield ind1=" " ind2=" " tag="300">
      <marc:subfield code="a">480 Seiten</marc:subfield>
   </marc:datafield>
</marc:record>
